| 000 | 00811nam a22002657a 4500 | ||
|---|---|---|---|
| 001 | 7341 | ||
| 003 | FISKH | ||
| 005 | 20250710084601.0 | ||
| 008 | 250710b cb ||||| |||| 00| 0 eng d | ||
| 040 |
_aFISKH _beng _cFISKH _dFISKH |
||
| 050 | _aTL230 .D48 | ||
| 082 | _a629.224 | ||
| 100 | _aFiori, Lawrence Di | ||
| 245 |
_aThe truck book / _cby Lawrence Di Fiori |
||
| 260 |
_aNew York : _bA Golden Book, _c1984. |
||
| 300 |
_a12 unnumbered pages : _bcolor illustrations ; _c24 cm |
||
| 505 | _aC | ||
| 520 | _aDepicts different kinds of trucks and the work they do. On board pages. | ||
| 521 | 8 |
_a100
_bLexile estimate |
|
| 521 | 8 |
_aC
_bRaz-Plus |
|
| 650 |
_aTransportation _vVehicles _xInformational _yKids Book |
||
| 650 |
_aMachines _vBoard Book |
||
| 942 |
_2ddc _cBK _n0 |
||
| 999 |
_c7341 _d7341 |
||